Soil conditions and plant growth. (Record no. 20554)

MARC details
000 -LEADER
fixed length control field 00441nam a2200169Ia 4500
082 ## - DEWEY DECIMAL CLASSIFICATION NUMBER
Classification number 631.4
Item number RUS
100 ## - MAIN ENTRY--AUTHOR NAME
Personal name RUSSELL, Walter E
245 #0 - TITLE STATEMENT
Title Soil conditions and plant growth.
250 ## - EDITION STATEMENT
Edition statement Ed.9
260 ## - PUBLICATION, DISTRIBUTION, ETC. (IMPRINT)
Place of publication London
Name of publisher Longman
Year of publication 1961
650 ## - SUBJECT ADDED ENTRY--TOPICAL TERM
Topical Term Nitrogen cycle
650 ## - SUBJECT ADDED ENTRY--TOPICAL TERM
Topical Term Soil atmospheric nutrient
650 ## - SUBJECT ADDED ENTRY--TOPICAL TERM
Topical Term Soil microorganism
650 ## - SUBJECT ADDED ENTRY--TOPICAL TERM
Topical Term Soil plant nutrient
942 ## - ADDED ENTRY ELEMENTS (KOHA)
Koha item type Books
Holdings
Withdrawn status Lost status Damaged status Not for loan Home library Current library Date acquired Full call number Accession Number Koha item type
        RRII Library RRII Library 16/12/2021 631.4 RUS 01277 Books